Países com Mais Vulcões - Statistics

Estatísticas Gerais
  • Esse quiz foi jogado 8 740 vezes
  • A pontuação média é 6 de 10
Estatísticas das Respostas
# País % Correto
62 Japão
90%
76 Estados Unidos
88%
79 Indonésia
80%
60 Rússia
78%
45 Chile
74%
22 Filipinas
55%
27 Islândia
42%
22 Papua Nova Guiné
34%
23 Equador
30%
19 Portugal
16%
Nenhum quiz correspondente encontrado
Distribuição das Pontuações
Porcentagem de Pessoas com Cada Pontuação
Percentil de Números Respondidos
Sua Pontuação Histórica
Você não jogou esse quiz